| 000 | 01013nam a2200253 a 4500 | ||
|---|---|---|---|
| 008 | |||
| 020 | _a0295969296 (cased) | ||
| 049 | _aMAIN | ||
| 090 | _aHN80 | ||
| 100 | 1 | _aBear, Larry Alan. | |
| 245 | 1 | 4 |
_aThe glass house revolution : _binner-city war for interdependence / _cLarry Alan Bear. |
| 260 |
_aSeattle : _bPublished for the Academy for Educational Development, by the University of Washington Press, _cc1990. |
||
| 300 |
_ax, 136 p., [8] p. of plates : _bill. (some col.) ; _c24 cm. |
||
| 504 | _aIncludes bibliographical references : p. 119-132. | ||
| 650 | 0 |
_aInner cities _zPennsylvania _zPhiladelphia _xCase studies. |
|
| 610 | 2 | 0 |
_aBell of Pennsylvania _xPublic relations _xCase studies. |
| 650 | 0 |
_aCommunity development _zPennsylvania _zPhiladelphia _xCase studies. |
|
| 710 | 2 | _aAcademy for Educational Development. | |
| 907 |
_a.b10024803 _b24-07-04 _c17-04-03 |
||
| 003 | |||
| 005 | 20230123133143.0 | ||
| 040 | _cNUST | ||
| 942 |
_cBOOKS _kHN80 |
||
| 999 |
_c143658 _d143658 |
||